| 000 | 00613nam a2200217Ia 4500 | ||
|---|---|---|---|
| 003 | OSt | ||
| 005 | 20230427133705.0 | ||
| 008 | 210423s1990 xx 000 0 und d | ||
| 020 | _a8185109850 | ||
| 040 | _cAL | ||
| 041 | _aeng | ||
| 082 | _a660.60581 SALD | ||
| 100 |
_aSALUNKHE (D K);others. _994066 |
||
| 245 | _aPostharvest biotechnology of flowers and ornamental plants. | ||
| 260 |
_aCalcutta _bOxford University Press _c1990 |
||
| 300 |
_a8,390 _bPB |
||
| 365 | _cINR | ||
| 650 |
_aBiotechnology _994067 |
||
| 906 | _abiotechnology ; flowers ; ornamental ; plants ; Postharvest | ||
| 942 |
_2ddc _cBK |
||
| 999 |
_c162805 _d162805 |
||